000
00301nam a22001337a 4500
008
181029b xxu||||| |||| 00| 0 eng d
020
_a
9780321076618
041
_a
eng
080
_a
321
100
_a
19
101
_a
SHP
245
_a
International Political Economy
_c
Oatley, Th
942
_2
udc
_c
BK
999
_c
51051
_d
51051